Catálogo
 En Linea

The arts of Japan / (Registro nro. 24804)

Detalles MARC
000 -CABECERA
campo de control de longitud fija 00679nam a2200205 a 4500
001 - NÚMERO DE CONTROL
campo de control 000025311
005 - FECHA Y HORA DE LA ÚLTIMA TRANSACCIÓN
campo de control 20200930023711.0
008 - DATOS DE LONGITUD FIJA--INFORMACIÓN GENERAL
campo de control de longitud fija 101216s1978 xxua 000 0 spa d
040 ## - FUENTE DE LA CATALOGACIÓN
Centro catalogador/agencia de origen DO-SdBNP
Lengua de catalogación spa
Centro/agencia transcriptor BNPHU
082 ## - NÚMERO DE LA CLASIFICACIÓN DECIMAL DEWEY
Número de clasificación 709.52
Número de documento/Ítem N799a
100 1# - ENTRADA PRINCIPAL--NOMBRE DE PERSONA
Nombre de persona Noma, Seiroku
9 (RLIN) 51846
245 10 - MENCIÓN DE TÍTULO
Título The arts of Japan /
Mención de responsabilidad, etc. Seiroku Noma ; traducido y adaptado Glenn T. Webb.
260 ## - PUBLICACIÓN, DISTRIBUCIÓN, ETC.
Lugar de publicación, distribución, etc. Tokyo :
Nombre del editor, distribuidor, etc. Kodansha International,
Fecha de publicación, distribución, etc. 1978.
300 ## - DESCRIPCIÓN FÍSICA
Extensión v. :
Otras características físicas il. ;
Dimensiones 27 cm.
505 0# - NOTA DE CONTENIDO CON FORMATO
Información miscelánea v.1.
Título Ancient and medieval.--
Información miscelánea v.2
Título Late medieval to modern.
650 #4 - PUNTO DE ACCESO ADICIONAL DE MATERIA--TÉRMINO DE MATERIA
Término de materia o nombre geográfico como elemento de entrada Arte japonesa
9 (RLIN) 51847
650 #4 - PUNTO DE ACCESO ADICIONAL DE MATERIA--TÉRMINO DE MATERIA
Término de materia o nombre geográfico como elemento de entrada Arte
Subdivisión geográfica Japan
9 (RLIN) 51848
700 12 - PUNTO DE ACCESO ADICIONAL--NOMBRE DE PERSONA
Nombre de persona Weeb, Glenn T.
9 (RLIN) 51849
910 ## - DATOS DE OPCIÓN DEL USUARIO (OCLC)
Datos de opción del usuario Validado. Control de calidad MFF
Existencias
Estado de retiro Estado de pérdida Restricciones de uso No para préstamo Código de colección Localización permanente Ubicación/localización actual Ubicación en estantería Fecha de adquisición Número de inventario Total de préstamos Signatura topográfica completa Código de barras Fecha visto por última vez Precio válido a partir de Tipo de ítem Koha
      Excluido de préstamo Monografías: Libros y Folletos General General Depósito 02.08.2013 LF1   709.52 N799a 25311-10 25.06.2020 25.06.2020 No se presta

Con tecnología Koha